Controversia sobre familia y divorcio. Cinco estudios de las recientes iniciativas legales sobre matrimonio, familia y divorcio.

Guardado en:
Detalles Bibliográficos
Autor principal: Silva B., Alejandro (autor)
Otros Autores: Corral Talciani, Hernán Felipe (autor), Causiño V., Carlos (autor), Díaz V., Carlos Antonio (autor), Morandé Court, Pedro (autor)
Formato: Libro
Lenguaje:español
Publicado: Santiago, Chile: Ediciones Universidad Católica de Chile, 1997.
Edición:Primera edición.
Colección:Lecturas escogidas.
Materias:
Etiquetas: Agregar Etiqueta
Sin Etiquetas, Sea el primero en etiquetar este registro!

MARC

LEADER 00000nam a2200000 a 4500
001 UCS7373
003 CL-VaPUC
005 20220822114332.0
008 971010e19970000CL |||||||||||||||||spa|d
999 |c 262487  |d 262485 
020 |a 956-14-0443-5 
040 |c Pontificia Universidad Católica de Valparaíso 
082 0 4 |a 306.89 SIL 1997  |2 21 
100 0 |a Silva B., Alejandro  |e autor  |9 392444 
245 1 0 |a Controversia sobre familia y divorcio.  |b Cinco estudios de las recientes iniciativas legales sobre matrimonio, familia y divorcio.  
250 |a Primera edición.  
260 |a Santiago, Chile:   |b Ediciones Universidad Católica de Chile,  |c 1997. 
300 |a xiv, 205 páginas.  
490 0 |a Lecturas escogidas.  
500 |a c.4 Donación Familia Prof. Alejandro Guzmán Brito. 
583 |a last modification  |c 19971010 00:00:00  |k Rodrigo Vera 
650 0 |a Divorcio  |9 256204  |x Aspectos sociales 
650 0 |a Matrimonio  |2 CL-VaPUC  |9 254924  |x Aspectos jurídicos   |z Chile 
700 0 |a Corral Talciani, Hernán Felipe  |e autor  |9 392445 
700 0 |a Causiño V., Carlos  |e autor  |9 392446 
700 0 |a Díaz V., Carlos Antonio  |e autor  |9 392447 
700 |a Morandé Court, Pedro  |e autor  |9 491845 
942 |c BK  |2 ddc  |n 0 
945 |d 19971010 00:00:00  |a aalvarez 
952 |0 0  |1 0  |4 0  |6 306_890000000000000_SIL_1997  |7 0  |8 A  |9 291017  |a BIBTEO  |b BIBTEO  |d 2019-11-19  |i 2023563  |o 306.89 SIL 1997  |p 2023563  |r 2025-01-17  |w 2019-11-19  |y BK  |k ICR 
952 |0 0  |1 0  |4 0  |6 306_890000000000000_SIL_1997  |7 0  |8 A  |9 291018  |a BIBGIM  |b BIBGIM  |d 2019-11-19  |i 3472035  |o 306.89 SIL 1997  |p 3472035  |r 2025-01-15  |w 2019-11-19  |y BK  |k SSL 
952 |0 0  |1 0  |4 0  |6 306_890000000000000_SIL_1997  |7 0  |8 DER_HDC  |9 291019  |a BIBDER  |b BIBDER  |d 2019-11-19  |i 3929248  |o 306.89 SIL 1997  |p 3929248  |r 2023-01-25  |w 2019-11-19  |x Ubicación 4to Piso  |y BK  |z Estos recursos deben solicitarse con anticipación  |k DER